Personnalités africaines les plus connus #1 - Statistiques

Statistiques générales
  • Ce quiz a été pris 57 fois
  • Le résultat moyen est 7 sur 16
Statistiques - réponses
Par images Hint Réponse % Correct
Politicien Nelson Mandela
100%
Chanteur/Rappeur Gims
94%
Entrepreneur Elon Musk
89%
Footballeur Mohammed Salah
83%
Footballeur Samuel Eto'o
72%
Boxeur Francis Ngannou
63%
Chanteur Akon
48%
Chanteur Burna Boy
35%
Actrice Charlize Theron
28%
Chanteuse Angélique Kidjo
15%
Diplomate Kofi Annan
15%
Actrice Lupita Nyong'o
11%
Homme d'Affaires Aliko Dangote
9%
Présentateur TV Trevor Noah
9%
Écrivaine Chimamanda Ngozi Adichie
4%
Femme d'Affaires Isabel dos Santos
2%
Aucun quiz correspondant
Distribution des résultats
% des personnes avec chaque résultat
Percentile par nombre de réponses
Votre historique - résultats
Vous n’avez pas pris ce quiz